| 000 | 01359nam0a22003491 4500 | ||
|---|---|---|---|
| 001 | v19\rc\1892154 | ||
| 005 | 20260405065044.0 | ||
| 035 | _a(NLR Aleph) 004979344 | ||
| 090 |
_a6168352 _c6168352 |
||
| 100 | _a20251123 rusy50 | ||
| 101 | 0 | _arus | |
| 102 | _aRU | ||
| 105 | _ay z ||||| | ||
| 200 | 1 |
_aМ.И. Горчаков _e(Некролог) _fВ.Н. Бенешевич |
|
| 210 |
_aСанкт-Петербург _cСенат. тип. _d1911 |
||
| 215 |
_a19 с. _d24 |
||
| 311 | _aИзвлеч. из "Журн. М-ва нар. прос." за 1911 г., № 3 | ||
| 488 | 0 |
_12001#$aЖурнал Министерства народного просвещения$v1911, № 3 _tЖурнал Министерства народного просвещения |
|
| 532 | 1 | 0 | _aМихаил Иванович Горчаков |
| 700 | 1 |
_8rus _7ca _aБенешевич _bВ. Н. _f1874-1938 _gВладимир Николаевич _3RU\NLR\AUTH\7722979 _96033 |
|
| 702 | 1 |
_aГорчаков _bМ.И. _f1838-1911 _gМихаил Иванович _4570 |
|
| 801 | 0 |
_aRU _bNLR _gpsbo |
|
| 801 | 0 |
_aRU _bRuMoRGB _2psbo |
|
| 801 | 1 |
_aRU _bProSoft-M _2rusmarc |
|
| 852 |
_aNLR _j18.142.4.52 |
||
| 899 |
_aRuMoRGB _jU 82/267 |
||
| 899 |
_aRuMoRGB _jЯ 16/24 |
||
| 899 | _aБАН | ||
| 899 | _aНБ СПбГУ | ||
| 942 | _cBOOK | ||
| 980 | _aNB | ||